Statistics for Quick Riddles

Click here to take the quiz!

General Stats

  • This quiz has been taken 1,497 times
    (1,120 since last reset)
  • The average score is 13 of 25

Answer Stats

RiddleAnswer% Correct
What gets wet as it dries?towel
89%
What has hands, but can’t clap?clock
80%
What can you catch, but not throw?a cold
75%
David’s parents have three sons: Snap, Crackle, and who?David
74%
What has legs, but doesn’t walk?table
72%
What building has the most stories?library
67%
What has a head and a tail but no body?coin
62%
What has many keys but can’t open a single lock?piano
59%
What goes up but never comes down?age
58%
What belongs to you, but other people use it more than you do?your name
57%
What is full of holes but still holds water?sponge
55%
What is so fragile that even saying its name breaks it?silence
52%
What has one eye, but can’t see?needle / storm / tornado / twister
50%
People make me, save me, change me, raise me. What am I?money
49%
What can you break, but not touch?promise / record
47%
What can travel all around the world without leaving its corner?stamp
46%
What is cut on a table, but is never eaten?a deck of cards
39%
What runs around a garden, yet never moves?fence
39%
What gets bigger when more is taken away?hole
33%
What has many teeth, but can’t bite?comb
31%
What has to be broken before you can use it?egg
31%
What can fill a room but takes up no space?light
31%
What has four wheels and flies?garbage truck
27%
What goes up and down but doesn’t move?staircase
21%
What do you keep after giving to someone?your word / your name
19%

Score Distribution

Percentile by Number Answered

Percent of People with Each Score

Your Score History

You have not taken this quiz since the last reset